THINK DIFFERENTLY OPEN YOUR MIND PHILOSOPHY FOR MODERN LIF (Record no. 32436)

MARC details
000 -LEADER
fixed length control field 00360nam a2200133Ia 4500
008 - FIXED-LENGTH DATA ELEMENTS--GENERAL INFORMATION
fixed length control field 240624s9999 xx 000 0 und d
041 ## - LANGUAGE CODE
Language code of text/sound track or separate title eng
082 ## - DEWEY DECIMAL CLASSIFICATION NUMBER
Classification number 200 FER
100 ## - MAIN ENTRY--PERSONAL NAME
Personal name FERNER ADAM
245 ## - TITLE STATEMENT
Title THINK DIFFERENTLY OPEN YOUR MIND PHILOSOPHY FOR MODERN LIF
260 ## - PUBLICATION, DISTRIBUTION, ETC.
Date of publication, distribution, etc. 2018
Place of publication, distribution, etc. London
Name of publisher, distributor, etc. WHITE LION PUBLISHING
300 ## - PHYSICAL DESCRIPTION
Extent 157 p.; 23 cm.
365 ## - TRADE PRICE
Currency code
Price amount 33
Holdings
Withdrawn status Lost status Damaged status Not for loan Home library Current library Shelving location Date acquired Full call number Barcode Date last seen Copy number Price effective from Koha item type
  Missing     IMTN IMTN Rack 4-A 07/03/2020 200 FER 32436 06/24/2024 75 06/24/2024 Books
Designed & Maintained by: LRC IMT Nagpur Contact: lrc@imtnag.ac.in© 2024. All Rights Reserved.